|
|
|
|
| LEADER |
00000nam a22000007a 4500 |
| 005 |
2019111507367.0 |
| 007 |
cr|||| |||| |
| 008 |
191115s2019 es |||||s|||| 00||0 spa d |
| 020 |
|
|
|a 978-84-1324-357-3
|
| 035 |
|
|
|a 30630
|
| 040 |
|
|
|a vLex
|
| 090 |
|
|
|c 10027
|d 10027
|
| 100 |
1 |
|
|a Lp̤ez y Garca̕ de la Serrana, Javier
|
| 245 |
1 |
0 |
|a Cuestiones controvertidas en materia de derecho de seguros
|h [Recurso electrn̤ico] /
|c Javier Lp̤ez y Garca̕ de la Serrana
|
| 256 |
|
|
|a Servicio en ln̕ea
|
| 260 |
|
|
|a Madrid:
|b Dykinson,
|c 2019
|
| 300 |
|
|
|a 1 recurso electrn̤ico
|
| 500 |
|
|
|a Conscientes de la necesidad de mejorar la transparencia en los seguros, se hace oportuno observar lo ocurrido con la jurisprudencia referida a esta materia en los l︢timos aǫs para descubrir cul̀es son las cuestiones controvertidas en materia de seguros que convendra̕ analizar y solventar. Siendo este el objetivo del presente libro, que no pretende ser un exhaustivo compendio de derecho de seguros, sino que quiere ser una simple aportacin̤ o visin̤ de por donde deambula el derecho de seguros a travš de las interpretaciones jurisprudenciales de los l︢timos cinco aǫs, analizando y comentando para ello aquellas sentencias –la mayor parte de la Sala Primera del Tribunal Supremo– que ms̀ han influido o llamado la atencin̤ en esta materia y que nos pueden ayudar a tener una visin̤ global de lo que hara̕ falta mejorar en este sector.
|
| 506 |
1 |
|
|a Disponible solo en los productos indicados
|d vLex Global
|d vLex Global (Academic Edition, excluding Law Schools)
|d vLex Global (U.S. Academic Edition, Law Schools)
|d vLex Global (U.S. Academic Edition, excluding Law Schools)
|d vLex Global (Academic Edition, Law Schools)
|
| 650 |
0 |
4 |
|a Derecho Civil
|z Espaą
|
| 740 |
0 |
|
|a vLex Libros (Servicio en ln̕ea)
|
| 856 |
4 |
0 |
|u http://vlex.com/source/cuestiones-controvertidas-en-materia-de-derecho-de-seguros-30630
|z Acceso restringido
|
| 942 |
|
|
|c BOOK
|
| 999 |
0 |
|
|a Civil Law
|